<?xml version="1.0" encoding="UTF-8"?>
<collection xmlns="http://www.loc.gov/MARC21/slim">
 <record>
  <leader>01782nam a22002177a 4500</leader>
  <controlfield tag="001">NCT_41084</controlfield>
  <controlfield tag="008">180615b        xxu||||| |||| 00| 0 vie d</controlfield>
  <datafield tag="999" ind1=" " ind2=" ">
   <subfield code="c">1975</subfield>
   <subfield code="d">1975</subfield>
  </datafield>
  <datafield tag="020" ind1=" " ind2=" ">
   <subfield code="a">9786048011345</subfield>
   <subfield code="c">100000</subfield>
  </datafield>
  <datafield tag="082" ind1="0" ind2="4">
   <subfield code="2">23rd ed.</subfield>
   <subfield code="a">070.5</subfield>
   <subfield code="b">H250</subfield>
  </datafield>
  <datafield tag="245" ind1="1" ind2="0">
   <subfield code="a">Hệ thống các quy định hiện hành về xuất bản</subfield>
   <subfield code="c">Bộ thông tin và truyền thông</subfield>
  </datafield>
  <datafield tag="260" ind1=" " ind2=" ">
   <subfield code="a">H.</subfield>
   <subfield code="b">Thông tin và truyền thông</subfield>
   <subfield code="c">2015</subfield>
  </datafield>
  <datafield tag="300" ind1=" " ind2=" ">
   <subfield code="a">479 tr.</subfield>
   <subfield code="c">21cm</subfield>
  </datafield>
  <datafield tag="520" ind1="3" ind2=" ">
   <subfield code="a">Nhằm giúp các đơn vị quản lý nhà nước về xuất bản tại địa phương và cán bộ công chức, viên chức ngành Xuất bản - In - Phát hành sách nắm vững chủ trương, chính sách của Đảng, pháp luật của nhà nước để vận dụng vào thực tiễn công tác, Nhà xuất bản thông tin và truyền thông đã tập hợp, hệ thống hóa các văn bản của Đảng và nhà nước để xuất bản cuốn sách này.</subfield>
  </datafield>
  <datafield tag="653" ind1=" " ind2=" ">
   <subfield code="a">Quan hệ công chúng</subfield>
  </datafield>
  <datafield tag="942" ind1=" " ind2=" ">
   <subfield code="2">ddc</subfield>
   <subfield code="c">BK</subfield>
  </datafield>
  <datafield tag="952" ind1=" " ind2=" ">
   <subfield code="0">0</subfield>
   <subfield code="1">0</subfield>
   <subfield code="2">ddc</subfield>
   <subfield code="4">0</subfield>
   <subfield code="6">070_500000000000000_H250</subfield>
   <subfield code="7">0</subfield>
   <subfield code="9">10556</subfield>
   <subfield code="a">000001</subfield>
   <subfield code="b">000001</subfield>
   <subfield code="d">2018-06-15</subfield>
   <subfield code="o">070.5 H250</subfield>
   <subfield code="p">MD.05380</subfield>
   <subfield code="r">2018-06-15</subfield>
   <subfield code="v">100000.00</subfield>
   <subfield code="w">2018-06-15</subfield>
   <subfield code="y">BK</subfield>
  </datafield>
  <datafield tag="952" ind1=" " ind2=" ">
   <subfield code="0">0</subfield>
   <subfield code="1">0</subfield>
   <subfield code="2">ddc</subfield>
   <subfield code="4">0</subfield>
   <subfield code="6">070_500000000000000_H250</subfield>
   <subfield code="7">0</subfield>
   <subfield code="9">10559</subfield>
   <subfield code="a">000001</subfield>
   <subfield code="b">000001</subfield>
   <subfield code="d">2018-06-15</subfield>
   <subfield code="o">070.5 H250</subfield>
   <subfield code="p">MD.05251</subfield>
   <subfield code="r">2018-06-15</subfield>
   <subfield code="v">100000.00</subfield>
   <subfield code="w">2018-06-15</subfield>
   <subfield code="y">BK</subfield>
  </datafield>
  <datafield tag="952" ind1=" " ind2=" ">
   <subfield code="0">0</subfield>
   <subfield code="1">0</subfield>
   <subfield code="2">ddc</subfield>
   <subfield code="4">0</subfield>
   <subfield code="6">070_500000000000000_H250</subfield>
   <subfield code="7">0</subfield>
   <subfield code="9">10560</subfield>
   <subfield code="a">000001</subfield>
   <subfield code="b">000001</subfield>
   <subfield code="d">2018-06-15</subfield>
   <subfield code="o">070.5 H250</subfield>
   <subfield code="p">MD.05234</subfield>
   <subfield code="r">2018-06-15</subfield>
   <subfield code="v">100000.00</subfield>
   <subfield code="w">2018-06-15</subfield>
   <subfield code="y">BK</subfield>
  </datafield>
  <datafield tag="952" ind1=" " ind2=" ">
   <subfield code="0">0</subfield>
   <subfield code="1">0</subfield>
   <subfield code="2">ddc</subfield>
   <subfield code="4">0</subfield>
   <subfield code="6">070_500000000000000_H250</subfield>
   <subfield code="7">0</subfield>
   <subfield code="9">10562</subfield>
   <subfield code="a">000001</subfield>
   <subfield code="b">000001</subfield>
   <subfield code="d">2018-06-15</subfield>
   <subfield code="o">070.5 H250</subfield>
   <subfield code="p">MD.05264</subfield>
   <subfield code="r">2018-06-15</subfield>
   <subfield code="v">100000.00</subfield>
   <subfield code="w">2018-06-15</subfield>
   <subfield code="y">BK</subfield>
  </datafield>
  <datafield tag="980" ind1=" " ind2=" ">
   <subfield code="a">Thư viện Trường Đại học Nam Cần Thơ</subfield>
  </datafield>
 </record>
</collection>
